Statistics for Beatles Lyrics with No Hints (10)

Click here to take the quiz!

General Stats

  • This quiz has been taken 151 times
  • The average score is 144 of 200

Answer Stats

Lyrics% Correct
a
93%
You
90%
you
90%
the
89%
The
89%
And
88%
and
88%
in
88%
be
87%
do
86%
it
85%
to
85%
your
85%
go
83%
her
83%
me
83%
So
80%
then
78%
can
77%
don't
76%
let
74%
on
74%
heart
73%
hey
72%
Hey
72%
Jude
72%
Jude...
72%
get
70%
know
70%
out
70%
Take
70%
that
70%
who
70%
For
69%
for
69%
it's
69%
better
68%
into
68%
is
68%
make
68%
sad
68%
were
68%
Remember
67%
bad
66%
song
66%
have
64%
start
64%
afraid
63%
now
63%
begin
62%
down
60%
made
59%
minute
59%
skin
59%
by
58%
Na (x11)
58%
Na (x9)
58%
under
58%
you're
58%
fool
57%
his
57%
shoulders
57%
just
56%
world
56%
carry
55%
cool
55%
you'll
55%
plays
54%
feel
53%
upon
53%
with
53%
oh!
52%
found
50%
little
50%
pain
50%
refrain
48%
well
47%
colder
45%
making
45%
need
43%
someone
42%
anytime
41%
waiting
38%
perform
36%
movement
34%

Score Distribution

Percentile by Number Answered

Percent of People with Each Score

Your Score History

You have not taken this quiz